| 000 | 02224nam0a2200397 4500 | ||
|---|---|---|---|
| 001 | RU\NLR\bibl\1486006 | ||
| 005 | 20260405212011.0 | ||
| 010 |
_a978-5-9793-0186-0 _9300 |
||
| 021 |
_aRU _b2010-1732 _9103 |
||
| 035 | _a(nilc)RSL-KNO-004571273 | ||
| 035 | _a(NLR Aleph) 001477621 | ||
| 090 |
_a1683229 _c1683229 |
||
| 100 | _a20100127d2009 |||y0rusy50 ca | ||
| 101 | 0 |
_arus _deng _eeng |
|
| 102 | _aRU | ||
| 105 | _aa ||||||||| | ||
| 200 | 1 |
_aСоциальная адаптация беженцев и вынужденных переселенцев в современном российском обществе _dThe social adaptation of refugees and forced migrants in the contemporary Russian society _e(на материалах Республики Бурятия) _fН. В. Прокушева _gФедеральное агентство по образованию, Гос. образовательное учреждение высшего проф. образования "Бурятский гос. ун-т" (ГОУ ВПО БГУ) _zeng |
|
| 210 |
_aУлан-Удэ _cИзд-во БГУ _d2009 |
||
| 215 |
_a211 с. _cил., табл. _d20 |
||
| 300 | _aАвт. также на англ. яз.: Prokusheva N.V. | ||
| 300 | _aНа 4-й с. обл. авт.: к.социол.н. | ||
| 320 | _aБиблиогр.: с. 168-182 (176 назв.) и в подстроч. прим. | ||
| 510 | 1 |
_6z24790 _aThe social adaptation of refugees and forced migrants in the contemporary Russian society _zeng |
|
| 606 | 1 |
_aБеженцы _xАдаптация социальная _xСоциологические исследования _yРоссийская Федерация _92096136 _3RU\NLR\auth\661268239 |
|
| 686 |
_aТ3(2Р)64-27,02 _2rubbk |
||
| 686 |
_aС555.35,0 _2rubbk |
||
| 686 | _aС550.33 | ||
| 700 | 1 |
_4070 _8rus _7ca _aПрокушева _bН. В. _gНаталия Васильевна _3RU\NLR\auth\7795101 _978027 |
|
| 790 | 1 |
_4070 _8rus _7ba _aProkuŠeva _bN. V. _gNatalija Vasil'evna _3RU\NLR\auth\7795103 _978029 |
|
| 801 | 0 |
_aRU _bРГБ _c20100127 _grcr |
|
| 801 | 1 |
_aRU _bРГБ _c20100127 |
|
| 801 | 2 |
_aRU _bNLR _c20100317 _grcr |
|
| 830 | _aавт. по кн. | ||
| 942 | _cBOOK | ||
| 980 | _aNB | ||